Empresa de trabajadores y economía de mercado: para una teoría del fenómeno cooperativo y de la democratización del mercado
محفوظ في:
| المؤلف الرئيسي: | |
|---|---|
| التنسيق: | كتاب |
| اللغة: | الإسبانية |
| منشور في: |
Santiago
Academia de Humanismo Cristiano
1982
|
| الموضوعات: | |
| الوسوم: |
إضافة وسم
لا توجد وسوم, كن أول من يضع وسما على هذه التسجيلة!
|
MARC
| LEADER | 00000nam a2200000 a 4500 | ||
|---|---|---|---|
| 001 | UCT3701 | ||
| 003 | CL-VaPUC | ||
| 008 | 961024e19820000CL |||||||||||||||||spa|d | ||
| 082 | 0 | 4 | |a 338.8 |b RAZ |2 21 |
| 100 | 0 | |a Razeto Migliaro, Luis |e author |9 372686 | |
| 245 | 1 | 0 | |a Empresa de trabajadores y economía de mercado: para una teoría del fenómeno cooperativo y de la democratización del mercado |
| 300 | |a 315 p | ||
| 942 | |c BK | ||
| 945 | |d 19961024 00:00:00 |a nastorga | ||
| 260 | |a Santiago |b Academia de Humanismo Cristiano |c 1982 | ||
| 650 | 0 | |a Economía de mercado |9 328785 | |
| 650 | 0 | |a Empresa |9 350507 | |
| 650 | 0 | |a Trabajadores |9 260887 | |
| 650 | 0 | |a Capital |9 263726 | |
| 650 | 7 | |a DISTRIBUCION |2 CL-VaPUC |9 263761 | |
| 650 | 7 | |a COOPERATIVISMO |2 CL-VaPUC |9 311346 | |
| 650 | 0 | |a Democratización |9 316630 | |
| 650 | 0 | |a Mercado |9 321497 | |
| 650 | 0 | |a Estado |9 255503 | |
| 650 | 0 | |a Capitalismo |9 255255 | |
| 583 | |a last modification |c 19961024 00:00:00 |k Rodrigo Vera | ||
| 999 | |c 253258 |d 253256 | ||
| 952 | |0 0 |1 0 |4 0 |6 338_800000000000000_RAZ_1982 |7 0 |8 A |9 273930 |a BIBENE |b BIBENE |d 2019-11-19 |i 3238539 |o 338.8 RAZ 1982 |p 3238539 |r 2025-01-15 |w 2019-11-19 |y BK |k ICO | ||